The life of an amorous woman : and other writings /

Bibliographic Details
Main Author: Ihara, Saikaku, 1642-1693
Other Authors: Morris, Ivan, 1925-1976
Format: Book
Language:English
Japanese
Published: New York : New Directions Book, 1963 [eighteenth printing].
Edition:First edition.
Series:UNESCO collection of representative literary works
Subjects:
Classic Catalogue: View this record in Classic Catalogue
LEADER 02154nam a22004331 4500
001 45756
003 BD-DhAAL
005 20260511174911.0
008 260511t1963 nyua 000 1 eng
010 |a  63006505  
020 |a 0811201872 
020 |a 9780811201872 
035 |a 6571995 
035 |a (OCoLC)2465195 
040 |a DLC  |c IaFairM  |d OCoLC  |d OClU  |d OCoLC  |d DLC  |d BD-DhAAL 
041 1 |a eng  |h jpn 
050 0 0 |a PZ3.I235  |b Li 
082 |a 895.63  |2 22 
100 1 |a Ihara, Saikaku,  |d 1642-1693.  |9 60629 
245 1 4 |a The life of an amorous woman :  |b and other writings /  |c Ihara Saikaku ; edited and translated by Ivan Morris.  
250 |a First edition. 
260 |a New York :  |b New Directions Book,  |c 1963 [eighteenth printing]. 
300 |a xiii, 402 pages :  |b illustrations ;  |c 22 cm 
490 1 |a UNESCO collection of representative literary works 
500 |a Translation of: Kōshoku ichidai onna (romanized form). 
504 |a Includes bibliographical references and index. 
526 8 |a AAL 
541 1 |a Donated by Embassy of Japan in Bangladesh, Read Japan Project 2025, The Tokyo Foundation, supported by The Nippon Foundation.  |e 45756 
600 1 0 |a Ihara, Saikaku,  |d 1642-1693  |x Criticism and interpretation.  |9 60630 
650 0 |a Japanese literature  |y Edo period, 1600-1868.  |9 60631 
650 0 |a Japanese fiction. 
651 0 |a Japan  |x Social life and customs  |v Fiction.  |9 57218 
655 7 |a Fiction. 
700 1 |a Morris, Ivan,  |d 1925-1976.  |9 60632 
830 0 |a UNESCO collection of representative literary works  |9 60633 
852 1 |a Ayesha Abed Library  |c General Stacks 
942 |2 ddc  |c BK 
999 |c 47921  |d 47921 
952 |0 0  |1 0  |2 ddc  |4 0  |6 895_630000000000000_IHA  |7 0  |9 79178  |a BRACUL  |b BRACUL  |d 2026-05-11  |e Donated by Embassy of Japan in Bangladesh, Read Japan Project 2025, The Tokyo Foundation, supported by The Nippon Foundation.  |g 2320.00  |l 0  |o 895.63 IHA  |p 3010045756  |r 2026-05-11  |t 1  |v 4640.00  |w 2026-05-11  |y BK  |x Donated copy received from Embassy of Japan in Bangladesh, Read Japan Project 2025, The Tokyo Foundation, supported by The Nippon Foundation on 08 April 2026; $18.95 (11.05.2026) Price are available in the book.